00532nam a2200193Ia 4500003000900000008004100009020001800050040001600068080001900084100001700103245006700120260003800187300001500225650004100240650001400281650001300295650001200308700001800320IN-BaIIA211028s9999 xx 000 0 eng d a9971-978-93-8 cIIA Library a524.834bGAL-2 aFang, Li Zhi 0aGalaxies, quasars and cosmologycLi Zhi Fang and Remo Ruffini aSingaporebWorld Scientificc1985 avii, 221p. aAstronomy and astrophysics thesaurus aCosmology aGalaxies aQuasars aRuffini, Remo